01994cam a22004094i 4500003000900000005001700009008004100026020001500067020001800082035002000100040003300120082002000153245013300173264006600306300004500372336002100417337002500438338002300463490003500486504005400521504003500575505079700610526001001407526001001417526001001427526001001437526000801447526000801455526000801463526000801471526000801479526000801487526000801495650001601503650001401519650005101533PE-LiUPU20250731172906.0170125s2015 miu rb 001 0 eng  a0802872689 a9780802872685 a(Sirsi) a166473 aPE-LiUPUbspacPE-LiUPUerda04a231.044bT422304aThe Trinity among the nations :bthe doctrine of God in the majority world /cedited by Gene L. Green, Stephen Pardue, K.K. Yeo. 1aGrand Rapids, Michigan :bEerdmans Publishing Company,c2015. avii, 174 páginas ;c23 Centímetros. atext2rdacontent aunmediated2rdamedia avolume2rdacarrier0 aMajority world theology series aBibliografía : páginas al final de cada tema. aÍndices : páginas 168-174.0 aIntroduction : Trinity 101 : kaleidoscopic views of God in the majority world / K. K. Yeo -- One God in Trinity and Trinity in unity / Gerald Bray -- Beyond "homoiousios" and "homoousios" : exploring North American indigenous concepts of the shalom unity of God / Randy S. Woodley -- The Trinity in Africa : trends and trajectories / Samuel Waje Kunhiyop -- The Trinity as gospel / Antonio González -- Learning to see Jesus with the eyes of the Spirit : the unlikely prophets of God's reign / C. Rosalee Velloso Ewell -- Asian reformulations of the Trinity : an evaluation / Natee Tanchanpongs -- Motherliness of God : a search for maternal aspects in Paul's theology / Atsuhiro Asano -- How to understand a biblical God in Chinese : toward a cross-cultural biblical hermeneutics / Zi Wang. aSEG42 aSEG41 aSEG40 aSEG39 aP94 aP87 aP86 aP85 aP77 aP76 aP35 0aReligiones. 0aTrinidad.07aRELIGION/Teología Cristiana/General2bisacsh